| 000 | 00505nam a2200097Ia 4500 | ||
|---|---|---|---|
| 008 | 170517s9999 xx 000 0 und d | ||
| 245 | _aMoney and Life | ||
| 300 | _aMoney and Life is a passionate and inspirational essay-style documentary that asks a provocative question: can we see the economic crisis not as a disaster, but as a tremendous opportunity? This cinematic odyssey connects the dots on our current... | ||
| 650 | _xBusiness and Economics. | ||
| 856 | _uhttp://topdocumentaryfilms.com/money-life/ | ||
| 999 |
_c333278 _d333278 |
||